书目信息 |
| 题名: |
南史 二
|
|
| 作者: | 李延寿 撰 | |
| 分册: | ||
| 出版信息: |
|
|
| 页数: | ||
| 开本: | 32开 | |
| 丛书名: | ||
| 单 册: | ||
| 中图分类: | K239.104.2 | |
| 科图分类: | ||
| 主题词: | 中国--古代史--封建社会 | |
| 电子资源: | ||
| ISBN: | ||
| 000 | 00460nam0 2200169 45 | |
| 001 | 0010231948 | |
| 005 | 20010327100439.9 | |
| 100 | @a20001023d1998 km y0chiy0120 ea | |
| 101 | 0 | @achi |
| 105 | @a z 000yy | |
| 200 | 1 | @a南史 二@ANan Shi Er@f(唐)李延寿撰@F(Tang)Li Yan ShouZhuan |
| 215 | @d32开 | |
| 606 | 0 | @a中国@x古代史@x封建社会 |
| 690 | @aK239.104.2@v3 | |
| 701 | 0 | @a李延寿@4撰 |
| 801 | @aCN@bPftUser@c20001023 | |
| 905 | @dK239.104.2@eL796:2@b332552@f1 | |
| 南史 二/(唐)李延寿撰 |
| 32开 |
| ISBN : |
| ● |
| 相关链接 |
|
|
|
正题名:南史二
索取号:K239.104.2/L796:2
 
预约/预借
| 序号 | 登录号 | 条形码 | 馆藏地/架位号 | 状态 | 备注 |
| 1 | 332552 | 203325525 | 自科二线404/309社科库 38排5列2层/ [索取号:K239.104.2/L796:2] | 在馆 |